000 00490nam a22001577a 4500
005 20231124062652.0
008 231124b |||||||| |||| 00| 0 eng d
041 _aEnglish
082 _a341.48 AMN
100 _lEnglish
245 _a10 Basic Human Rights Standards for Law Enforcement Officials
260 _aLondon :
_bAmnesty International Publications,
_c1998
300 _b11 pages ;
_c30,4 cm.
650 _aLegal practice
_bLaw
942 _cBK
_6ALISON_BN_VRIES
999 _c919
_d919